مكتبة جامعة عجلون الوطنية

فهرس بحث المكتبة

الافتنان في الشعر والرسم والنحت والموسيقى والغناء : ابحاث علمية ونصوص ابداعية مترجمة / (Record no. 33746)

MARC details
000 -LEADER
fixed length control field 00924nam a22002177a 4500
003 - CONTROL NUMBER IDENTIFIER
control field JO-AjAnu
005 - DATE AND TIME OF LATEST TRANSACTION
control field 20241019094304.0
008 - FIXED-LENGTH DATA ELEMENTS--GENERAL INFORMATION
fixed length control field 241019b jo ||||| |||| 00| 0 ara d
020 ## - INTERNATIONAL STANDARD BOOK NUMBER
International Standard Book Number 9789923405321
040 ## - CATALOGING SOURCE
Original cataloging agency JO-AjAnu
Language of cataloging ara
Transcribing agency JO-AjAnu
Modifying agency JO-AjAnu
Description conventions rda
041 ## - LANGUAGE CODE
Language code of text/sound track or separate title ara
Language code of original ara
050 ## - LIBRARY OF CONGRESS CALL NUMBER
Classification number ND160
Item number 2025
100 #1 - MAIN ENTRY--PERSONAL NAME
Personal name الاحمري، جابر
Relator term مؤلف
9 (RLIN) 66291
245 #0 - TITLE STATEMENT
Title الافتنان في الشعر والرسم والنحت والموسيقى والغناء : ابحاث علمية ونصوص ابداعية مترجمة /
Statement of responsibility, etc. تأليف جابر الاحمري
250 ## - EDITION STATEMENT
Edition statement الطبعة الاولى
260 ## - PUBLICATION, DISTRIBUTION, ETC.
Place of publication, distribution, etc. عمان :
Name of publisher, distributor, etc. خطوط وظلال للنشر والتوزيع،
Date of publication, distribution, etc. 2025
300 ## - PHYSICAL DESCRIPTION
Extent 257 صفحة
504 ## - BIBLIOGRAPHY, ETC. NOTE
Bibliography, etc. note يحتوي على مراجع، يحتوي على صور
650 70 - SUBJECT ADDED ENTRY--TOPICAL TERM
Topical term or geographic name entry element الفنون-الرسم-الشعر-النحت-الموسيقى والغناء
9 (RLIN) 66293
942 ## - ADDED ENTRY ELEMENTS (KOHA)
Source of classification or shelving scheme Library of Congress Classification
Koha item type Books
Suppress in OPAC No
Holdings
Withdrawn status Lost status Source of classification or shelving scheme Damaged status Not for loan Home library Current library Date acquired Total Checkouts Full call number Barcode Date last seen Price effective from Koha item type
    Library of Congress Classification     مكتبة جامعة عجلون الوطنية مكتبة جامعة عجلون الوطنية 19/10/2024   ND160 2025 a30080 19/10/2024 19/10/2024 Books